Obras I (clásicos castellanos)
Sparad:
| Huvudupphovsman: | |
|---|---|
| Materialtyp: | Bok |
| Språk: | Undetermined |
| Publicerad: |
Madrid, España
La Lectura
1910
|
| Ämnen: | |
| Taggar: |
Lägg till en tagg
Inga taggar, Lägg till första taggen!
|
MARC
| LEADER | 00000nam a2200000Ia 4500 | ||
|---|---|---|---|
| 008 | 170316s9999 xx 000 0 und d | ||
| 040 | |a cru BVZT | ||
| 090 | |a 862 M-45o v.1 | ||
| 100 | |a Molina, Tirso de | ||
| 245 | |a Obras I (clásicos castellanos) | ||
| 260 | |a Madrid, España | ||
| 260 | |b La Lectura | ||
| 260 | |c 1910 | ||
| 300 | |a 292 páginas | ||
| 650 | |a LITERATURA ESPAÑOLA | ||
| 650 | |a EL VERGONZOSO EN PALACIO | ||
| 650 | |a EL BURLADOR DE SEVILLA | ||
| 942 | |c 4 D | ||
| 999 | |c 10178 |d 10178 | ||
